000 00257nam a22001217a 4500
008 181105b xxu||||| |||| 00| 0 eng d
041 _aeng
080 _a371
100 _a46
101 _aEDU
245 _aResources & Notes
_cBingham,M
942 _2udc
_cBK
999 _c51802
_d51802